000 00830nam a22001337a 4500
040 _cRUA
082 _aAED CHO 2018 B650 Or.1
100 _aCHOR SIEKLEANG ជ សៀកលាង
245 _athe study on impact of payment for enveriomental services on human migartion in northen plain landscape protect area of preah vihear province ការសិក្សារពីផលប៉ះពាល់នៃការទួទាត់សេវាកម្មបរិស្តានទៅលើធ្វើចំណាកស្រុករបស់ប្រជាជនដែលរស់នៅក្នុងតំបន់ការពារទេសភាពខាងជើងខេត្តព្រះវិហា
260 _aRUA
_bPhnom penh
_c2018
300 _axi;47p
_bill;
_c29cm
856 _u CHOR SIEKLEANG
942 _cAED
999 _c18361
_d18361